5HLuxD.jpg

KING HENRY VIII SENIOR AND PRIMARY SCHOOL LIBRARY OPAC

Circuits / (Record no. 1925)

000 -LEADER
fixed length control field 01520cam a2200337 i 4500
001 - CONTROL NUMBER
control field 18386189
003 - CONTROL NUMBER IDENTIFIER
control field OSt
005 - DATE AND TIME OF LATEST TRANSACTION
control field 20230217163048.0
008 - FIXED-LENGTH DATA ELEMENTS--GENERAL INFORMATION
fixed length control field 141120s2015 caua j 001 0 eng c
010 ## - LIBRARY OF CONGRESS CONTROL NUMBER
LC control number 2014045205
020 ## - INTERNATIONAL STANDARD BOOK NUMBER
International Standard Book Number 9781480746824 (pbk.)
040 ## - CATALOGING SOURCE
Original cataloging agency NJQ/DLC
Language of cataloging eng
Transcribing agency NJQ
Description conventions rda
Modifying agency DLC
-- KH8
042 ## - AUTHENTICATION CODE
Authentication code pcc
082 04 - DEWEY DECIMAL CLASSIFICATION NUMBER
Classification number 621.319 BUC
Edition number 23
100 1# - MAIN ENTRY--PERSONAL NAME
Personal name Buchanan, Theodore,
Relator term author.
245 10 - TITLE STATEMENT
Title Circuits /
Statement of responsibility, etc. Theodore Buchanan.
264 #1 - PRODUCTION, PUBLICATION, DISTRIBUTION, MANUFACTURE, AND COPYRIGHT NOTICE
Place of production, publication, distribution, manufacture Huntington Beach, California :
Name of producer, publisher, distributor, manufacturer Teacher Created Materials, Inc.,
Date of production, publication, distribution, manufacture, or copyright notice [2016]
300 ## - PHYSICAL DESCRIPTION
Extent 32 pages :
Other physical details color illustrations ;
Dimensions 23 cm
336 ## - CONTENT TYPE
Content type term text
Source rdacontent
337 ## - MEDIA TYPE
Media type term unmediated
Source rdamedia
338 ## - CARRIER TYPE
Carrier type term volume
Source rdacarrier
500 ## - GENERAL NOTE
General note Includes index.
505 0# - FORMATTED CONTENTS NOTE
Formatted contents note Loop de loops -- All about analog -- Going digital -- Power on! -- Coming full circuit -- Think like a scientist.
520 ## - SUMMARY, ETC.
Summary, etc. "Have you ever wondered how the human brain works? What about your television? It's a complicated answer, but circuits are a simple way to explain it. Circuits make it possible to turn on a light. They make is possible for you to use your digital devices. Increase your knowledge about circuits and find the answers to your most electrifying questions"--
Assigning source Provided by publisher.
521 2# - TARGET AUDIENCE NOTE
Target audience note Grades 4-6.
650 #0 - SUBJECT ADDED ENTRY--TOPICAL TERM
Topical term or geographic name entry element Electric circuits
Form subdivision Juvenile literature.
650 #0 - SUBJECT ADDED ENTRY--TOPICAL TERM
Topical term or geographic name entry element Electricity
Form subdivision Juvenile literature.
906 ## - LOCAL DATA ELEMENT F, LDF (RLIN)
a 7
b cbc
c orignew
d 1
e ecip
f 20
g y-gencatlg
942 ## - ADDED ENTRY ELEMENTS (KOHA)
Source of classification or shelving scheme
Koha item type Books - Non Ficton
Holdings
Withdrawn status Lost status Source of classification or shelving scheme Damaged status Not for loan Collection code Permanent Location Current Location Shelving location Date acquired Total Checkouts Total Renewals Full call number Barcode Date last seen Date last checked out Price effective from Koha item type
          Non-Fiction KH8 Primary School Library KH8 Primary School Library Non Fiction 2023-02-17 4 1 621.319 BUC KHPL000003645 2025-12-05 2025-09-30 2023-02-17 Books - Non Ficton

Powered By KH8 IT Dept